[Event "23rd ETCC Women 2021"]
[Site "Catez"]
[Date "2021.11.20"]
[Round "8.2"]
[White "Lagno, Kateryna"]
[Black "Osmak, Iulija"]
[Result "1-0"]
[WhiteElo "2550"]
[BlackElo "2423"]
[Annotator "ChessBase"]
[PlyCount "81"]
[EventDate "2021.11.08"]
[EventType "team-tourn"]
[EventCountry "SLO"]
[SourceTitle "playchess.com"]
[Source "ChessBase"]
[SourceQuality "1"]
[WhiteTeam "Russia"]
[BlackTeam "Ukraine"]
[WhiteTeamCountry "RUS"]
[BlackTeamCountry "UKR"]
[TimeControl "40/5400+30:1800+30"]

1. e4 {[%emt 0:00:02]} c6 {[%emt 0:00:06]} 2. d4 {[%emt 0:00:13]} d5 {[%emt 0:
00:03]} 3. e5 {[%emt 0:00:06]} Bf5 {[%emt 0:00:37]} 4. Nd2 {[%emt 0:00:10]} e6
{[%emt 0:00:49]} 5. Nb3 {[%emt 0:00:07]} Nd7 {[%emt 0:01:47]} 6. Nf3 {[%emt 0:
00:20]} Be4 {[%emt 0:00:34]} 7. Be2 {[%emt 0:04:23]} c5 {[%emt 0:01:52]} 8. c3
{[%emt 0:13:55]} Ne7 {[%emt 0:09:38]} 9. Nxc5 {[%emt 0:02:52]} Nxc5 {[%emt 0:
00:11]} 10. dxc5 {[%emt 0:00:02]} Nc6 {[%emt 0:01:58]} 11. Be3 {[%emt 0:01:19]}
Bxf3 {[%emt 0:01:48]} 12. Bxf3 {[%emt 0:05:19]} Nxe5 {[%emt 0:01:57]} 13. Be2 {
[%emt 0:00:09]} Be7 {[%emt 0:01:18]} 14. Bb5+ {[%emt 0:10:43]} Nc6 {[%emt 0:07:
29]} 15. O-O {[%emt 0:04:03]} O-O {[%emt 0:01:20]} 16. Qe2 {[%emt 0:13:00]} Qc7
{[%emt 0:11:24]} 17. Rad1 {[%emt 0:02:11]} Rad8 {[%emt 0:00:21]} 18. f4 {
[%emt 0:13:43]} Bf6 {[%emt 0:07:41]} 19. Bxc6 {[%emt 0:04:52]} bxc6 {[%emt 0:
13:28]} 20. Bd4 {[%emt 0:00:07]} Qe7 {[%emt 0:02:07]} 21. b4 {[%emt 0:00:36]}
Rb8 {[%emt 0:00:37]} 22. Be5 {[%emt 0:01:55]} Bxe5 {[%emt 0:00:17]} 23. fxe5 {
[%emt 0:00:07]} a5 {[%emt 0:11:12]} 24. a3 {[%emt 0:00:04]} Ra8 {[%emt 0:00:34]
} 25. Rd3 {[%emt 0:00:33]} Ra7 {[%emt 0:01:31]} 26. Qh5 {[%emt 0:03:44]} f5 {
[%emt 0:11:26]} 27. exf6 {[%emt 0:00:04]} gxf6 {[%emt 0:00:33]} 28. Rg3+ {
[%emt 0:02:14]} Kh8 {[%emt 0:00:04]} 29. Qh6 {[%emt 0:00:18]} Qf7 {[%emt 0:02:
46]} 30. Rg6 {[%emt 0:00:20]} f5 {[%emt 0:02:50]} 31. Rxe6 {[%emt 0:00:09]}
axb4 {[%emt 0:00:04]} 32. axb4 {[%emt 0:00:23]} Ra2 {[%emt 0:01:36]} 33. Rxc6 {
[%emt 0:04:21]} Rg8 {[%emt 0:00:47]} 34. g3 {[%emt 0:00:17]} Re8 {[%emt 0:03:
09]} 35. Rf6 {[%emt 0:00:47]} Qg7 {[%emt 0:01:51]} 36. Qxg7+ {[%emt 0:00:10]}
Kxg7 {[%emt 0:00:03]} 37. R6xf5 {[%emt 0:00:03]} Rc2 {[%emt 0:00:40]} 38. R1f2
{[%emt 0:00:52]} Rxc3 {[%emt 0:00:15]} 39. Rxd5 {[%emt 0:00:40]} Rb3 {[%emt 0:
00:20]} 40. Rd4 {[%emt 0:02:12]} Re1+ {[%emt 0:00:55]} 41. Kg2 {[%emt 0:30:09]}
1-0

[Event "23rd ETCC Women 2021"]
[Site "Catez"]
[Date "2021.11.20"]
[Round "8.3"]
[White "Buksa, Nataliya"]
[Black "Shuvalova, Polina"]
[Result "1/2-1/2"]
[WhiteElo "2410"]
[BlackElo "2515"]
[Annotator "ChessBase"]
[PlyCount "79"]
[EventDate "2021.11.08"]
[EventType "team-tourn"]
[EventCountry "SLO"]
[SourceTitle "playchess.com"]
[Source "ChessBase"]
[SourceQuality "1"]
[WhiteTeam "Ukraine"]
[BlackTeam "Russia"]
[WhiteTeamCountry "UKR"]
[BlackTeamCountry "RUS"]
[TimeControl "40/5400+30:1800+30"]

1. e4 {[%emt 0:00:10]} e5 {[%emt 0:00:10]} 2. Nf3 {[%emt 0:00:05]} Nc6 {
[%emt 0:00:05]} 3. Bb5 {[%emt 0:00:36]} a6 {[%emt 0:00:06]} 4. Ba4 {[%emt 0:00:
05]} Nf6 {[%emt 0:00:06]} 5. O-O {[%emt 0:00:05]} Be7 {[%emt 0:00:06]} 6. Re1 {
[%emt 0:00:13]} b5 {[%emt 0:00:06]} 7. Bb3 {[%emt 0:00:04]} O-O {[%emt 0:00:06]
} 8. a4 {[%emt 0:00:34]} b4 {[%emt 0:00:08]} 9. a5 {[%emt 0:00:16]} d6 {
[%emt 0:00:29]} 10. c3 {[%emt 0:00:36]} Rb8 {[%emt 0:02:51]} 11. Bc4 {[%emt 0:
00:12]} Be6 {[%emt 0:18:32]} 12. Bxa6 {[%emt 0:10:26]} Ra8 {[%emt 0:01:47]} 13.
Bb5 {[%emt 0:17:11]} Nxa5 {[%emt 0:05:16]} 14. cxb4 {[%emt 0:03:54]} Nb3 {
[%emt 0:06:47]} 15. Rxa8 {[%emt 0:00:05]} Qxa8 {[%emt 0:00:05]} 16. Nc3 {
[%emt 0:00:02]} Rb8 {[%emt 0:18:37]} 17. d4 {[%emt 0:11:16]} Nxd4 {[%emt 0:13:
23]} 18. Nxd4 {[%emt 0:01:54]} exd4 {[%emt 0:00:03]} 19. Qxd4 {[%emt 0:00:05]}
Qb7 {[%emt 0:01:58]} 20. h3 {[%emt 0:08:26]} h6 {[%emt 0:00:52]} 21. Bd2 {
[%emt 0:14:52]} c6 {[%emt 0:05:51]} 22. Bf1 {[%emt 0:00:04]} Qxb4 {[%emt 0:02:
44]} 23. Qxb4 {[%emt 0:01:26]} Rxb4 {[%emt 0:00:04]} 24. Nd5 {[%emt 0:00:08]}
Nxd5 {[%emt 0:03:18]} 25. exd5 {[%emt 0:00:10]} Rd4 {[%emt 0:00:27]} 26. Bxh6 {
[%emt 0:09:20]} Rxd5 {[%emt 0:01:47]} 27. Be3 {[%emt 0:00:04]} Ra5 {[%emt 0:02:
44]} 28. b4 {[%emt 0:00:40]} Ra8 {[%emt 0:00:42]} 29. Rc1 {[%emt 0:00:43]} Rb8
{[%emt 0:02:02]} 30. Rxc6 {[%emt 0:03:13]} Rxb4 {[%emt 0:00:04]} 31. Bd3 {
[%emt 0:02:55]} g6 {[%emt 0:02:00]} 32. Kf1 {[%emt 0:02:39]} Ra4 {[%emt 0:00:
49]} 33. Rb6 {[%emt 0:02:57]} Kg7 {[%emt 0:00:59]} 34. Ra6 {[%emt 0:05:52]} Rb4
{[%emt 0:03:45]} 35. Rb6 {[%emt 0:01:53]} Ra4 {[%emt 0:00:12]} 36. Ra6 {
[%emt 0:00:05]} Rb4 {[%emt 0:00:13]} 37. Bd2 {[%emt 0:04:12]} Rb3 {[%emt 0:00:
36]} 38. Ke2 {[%emt 0:00:05]} d5 {[%emt 0:01:56]} 39. Bc2 {[%emt 0:00:11]} Rb7
{[%emt 0:00:38]} 40. Bc3+ {[%emt 0:00:40]} 1/2-1/2

[Event "23rd ETCC Women 2021"]
[Site "Catez"]
[Date "2021.11.20"]
[Round "8.4"]
[White "Kashlinskaya, Alina"]
[Black "Gaponenko, Inna"]
[Result "1-0"]
[WhiteElo "2482"]
[BlackElo "2339"]
[Annotator "ChessBase"]
[PlyCount "157"]
[EventDate "2021.11.08"]
[EventType "team-tourn"]
[EventCountry "SLO"]
[SourceTitle "playchess.com"]
[Source "ChessBase"]
[SourceQuality "1"]
[WhiteTeam "Russia"]
[BlackTeam "Ukraine"]
[WhiteTeamCountry "RUS"]
[BlackTeamCountry "UKR"]
[TimeControl "40/5400+30:1800+30"]

1. d4 {[%emt 0:00:03]} d5 {[%emt 0:00:20]} 2. c4 {[%emt 0:00:07]} dxc4 {
[%emt 0:00:56]} 3. e4 {[%emt 0:00:12]} c5 {[%emt 0:06:08]} 4. d5 {[%emt 0:00:
36]} Nf6 {[%emt 0:00:20]} 5. Nc3 {[%emt 0:00:44]} e6 {[%emt 0:00:16]} 6. Bxc4 {
[%emt 0:09:08]} exd5 {[%emt 0:03:28]} 7. Nxd5 {[%emt 0:00:47]} Be6 {[%emt 0:04:
54]} 8. Bg5 {[%emt 0:21:43]} Be7 {[%emt 0:51:07]} 9. Nxe7 {[%emt 0:23:22]} Qxe7
{[%emt 0:08:10]} 10. Bxe6 {[%emt 0:07:22]} Qxe6 {[%emt 0:00:17]} 11. Ne2 {
[%emt 0:00:16]} Nbd7 {[%emt 0:09:53]} 12. O-O {[%emt 0:03:58]} O-O {[%emt 0:02:
15]} 13. Nc3 {[%emt 0:01:18]} Nb6 {[%emt 0:05:49]} 14. Qe2 {[%emt 0:03:28]}
Rfe8 {[%emt 0:00:30]} 15. Rfe1 {[%emt 0:02:20]} h6 {[%emt 0:01:26]} 16. Bh4 {
[%emt 0:00:41]} a6 {[%emt 0:01:07]} 17. Rad1 {[%emt 0:00:20]} Rac8 {[%emt 0:01:
12]} 18. f4 {[%emt 0:02:34]} Rc6 {[%emt 0:00:11]} 19. f5 {[%emt 0:03:19]} Qc8 {
[%emt 0:00:07]} 20. Qf3 {[%emt 0:00:34]} Nfd7 {[%emt 0:01:16]} 21. Qg3 {
[%emt 0:07:44]} Ne5 {[%emt 0:00:16]} 22. Nd5 {[%emt 0:00:19]} Kh7 {[%emt 0:00:
47]} 23. Ne7 {[%emt 0:02:16]} Rxe7 {[%emt 0:00:05]} 24. Bxe7 {[%emt 0:00:01]}
f6 {[%emt 0:00:05]} 25. Rd8 {[%emt 0:04:56]} Qc7 {[%emt 0:00:04]} 26. Re8 {
[%emt 0:00:06]} Nbc4 {[%emt 0:01:43]} 27. Rd1 {[%emt 0:00:24]} Nd6 {[%emt 0:00:
40]} 28. Bxd6 {[%emt 0:01:59]} Rxd6 {[%emt 0:00:04]} 29. Rxd6 {[%emt 0:00:10]}
Qxd6 {[%emt 0:00:01]} 30. h3 {[%emt 0:00:37]} Qd7 {[%emt 0:01:18]} 31. Re6 {
[%emt 0:01:00]} Qd4+ {[%emt 0:00:31]} 32. Kh1 {[%emt 0:00:12]} Qd1+ {[%emt 0:
00:26]} 33. Kh2 {[%emt 0:00:01]} Qd7 {[%emt 0:00:20]} 34. b3 {[%emt 0:01:57]}
Qc7 {[%emt 0:00:17]} 35. Re8 {[%emt 0:00:50]} b5 {[%emt 0:00:15]} 36. Kh1 {
[%emt 0:00:43]} c4 {[%emt 0:00:12]} 37. bxc4 {[%emt 0:00:11]} bxc4 {[%emt 0:00:
02]} 38. Qa3 {[%emt 0:00:15]} Qd7 {[%emt 0:01:31]} 39. Ra8 {[%emt 0:02:31]}
Qd1+ {[%emt 0:00:32]} 40. Kh2 {[%emt 0:00:00]} Qd2 {[%emt 0:00:55]} 41. Rc8 {
[%emt 0:08:49]} h5 {[%emt 0:12:42]} 42. Qg3 {[%emt 0:04:50]} Qh6 {[%emt 0:09:
18]} 43. Qh4 {[%emt 0:04:31]} a5 {[%emt 0:03:42]} 44. a4 {[%emt 0:00:12]} g5 {
[%emt 0:04:04]} 45. Qf2 {[%emt 0:05:07]} Qg7 {[%emt 0:01:58]} 46. Qc5 {[%emt 0:
01:46]} Kh6 {[%emt 0:01:21]} 47. Rc7 {[%emt 0:02:25]} Qh8 {[%emt 0:00:14]} 48.
Qe7 {[%emt 0:01:49]} h4 {[%emt 0:00:23]} 49. Kg1 {[%emt 0:02:22]} g4 {[%emt 0:
00:09]} 50. hxg4 {[%emt 0:01:43]} Nxg4 {[%emt 0:00:11]} 51. Rd7 {[%emt 0:01:36]
} Kg5 {[%emt 0:01:05]} 52. Qg7+ {[%emt 0:01:17]} Qxg7 {[%emt 0:00:06]} 53.
Rxg7+ {[%emt 0:00:01]} Kf4 {[%emt 0:00:06]} 54. Kf1 {[%emt 0:00:33]} Ne5 {
[%emt 0:01:47]} 55. Ke2 {[%emt 0:00:23]} Kxe4 {[%emt 0:00:33]} 56. Rh7 {
[%emt 0:00:16]} Kxf5 {[%emt 0:00:27]} 57. Rxh4 {[%emt 0:00:01]} Ke6 {[%emt 0:
00:09]} 58. Rd4 {[%emt 0:00:48]} c3 {[%emt 0:00:52]} 59. Kd1 {[%emt 0:00:12]}
Nd7 {[%emt 0:00:31]} 60. Kc2 {[%emt 0:00:17]} Nc5 {[%emt 0:00:03]} 61. Kxc3 {
[%emt 0:00:23]} Ke5 {[%emt 0:00:03]} 62. Rc4 {[%emt 0:01:49]} Kd5 {[%emt 0:00:
16]} 63. Rh4 {[%emt 0:00:04]} f5 {[%emt 0:00:35]} 64. Kd2 {[%emt 0:00:21]} Ne6
{[%emt 0:00:23]} 65. Ke3 {[%emt 0:00:22]} f4+ {[%emt 0:00:24]} 66. Kf3 {
[%emt 0:00:23]} Kc5 {[%emt 0:00:20]} 67. Rxf4 {[%emt 0:01:57]} Nxf4 68. Kxf4 {
[%emt 0:00:01]} Kb4 {[%emt 0:00:42]} 69. g4 {[%emt 0:00:19]} Kxa4 {[%emt 0:00:
05]} 70. g5 {[%emt 0:00:03]} Kb3 {[%emt 0:00:04]} 71. g6 {[%emt 0:00:02]} a4 {
[%emt 0:00:03]} 72. g7 {[%emt 0:00:02]} a3 {[%emt 0:00:04]} 73. g8=Q+ {[%emt 0:
00:05]} Kb2 {[%emt 0:00:36]} 74. Qg7+ {[%emt 0:00:00]} Kb1 {[%emt 0:00:08]} 75.
Qb7+ {[%emt 0:00:00]} Ka1 {[%emt 0:00:12]} 76. Qc6 {[%emt 0:00:00]} Kb2 {
[%emt 0:00:06]} 77. Qb5+ {[%emt 0:00:00]} Ka1 {[%emt 0:00:07]} 78. Qc5 {
[%emt 0:00:00]} Kb2 {[%emt 0:00:07]} 79. Qb4+ {[%emt 0:00:00]} 1-0

[Event "23rd ETCC Women 2021"]
[Site "Catez"]
[Date "2021.11.20"]
[Round "8.5"]
[White "Tsolakidou, Stavroula"]
[Black "Dzagnidze, Nana"]
[Result "0-1"]
[WhiteElo "2377"]
[BlackElo "2524"]
[Annotator "ChessBase"]
[PlyCount "104"]
[EventDate "2021.11.08"]
[EventType "team-tourn"]
[EventCountry "SLO"]
[SourceTitle "playchess.com"]
[Source "ChessBase"]
[SourceQuality "1"]
[WhiteTeam "Greece"]
[BlackTeam "Georgia"]
[WhiteTeamCountry "GRE"]
[BlackTeamCountry "GEO"]
[TimeControl "40/5400+30:1800+30"]

1. d4 {[%emt 0:00:04]} Nf6 {[%emt 0:00:08]} 2. c4 {[%emt 0:00:08]} e6 {[%emt 0:
00:09]} 3. Nc3 {[%emt 0:00:22]} d5 {[%emt 0:02:02]} 4. cxd5 {[%emt 0:00:34]}
exd5 {[%emt 0:00:38]} 5. Bg5 {[%emt 0:00:15]} c6 {[%emt 0:00:11]} 6. e3 {
[%emt 0:02:39]} Bf5 {[%emt 0:03:30]} 7. Qf3 {[%emt 0:20:37]} Bg6 {[%emt 0:00:
25]} 8. Bxf6 {[%emt 0:01:36]} gxf6 {[%emt 0:04:26]} 9. Qd1 {[%emt 0:05:52]} Bd6
{[%emt 0:03:34]} 10. Nf3 {[%emt 0:00:36]} Nd7 {[%emt 0:00:58]} 11. Bd3 {
[%emt 0:02:22]} Qe7 {[%emt 0:11:06]} 12. Qc2 {[%emt 0:03:33]} Rg8 {[%emt 0:07:
42]} 13. g3 {[%emt 0:05:13]} Nb6 {[%emt 0:09:02]} 14. Nh4 {[%emt 0:16:27]} Bc7
{[%emt 0:03:07]} 15. b3 {[%emt 0:12:59]} O-O-O {[%emt 0:03:41]} 16. Nf5 {
[%emt 0:04:04]} Qf8 {[%emt 0:02:39]} 17. Ne2 {[%emt 0:02:32]} Kb8 {[%emt 0:00:
19]} 18. Kf1 {[%emt 0:10:28]} Re8 {[%emt 0:06:55]} 19. Rc1 {[%emt 0:00:27]} Nc8
{[%emt 0:08:35]} 20. Nh4 {[%emt 0:05:27]} Nd6 {[%emt 0:03:55]} 21. Nf4 {
[%emt 0:00:09]} Qe7 {[%emt 0:03:51]} 22. Kg2 {[%emt 0:01:23]} Qd7 {[%emt 0:06:
24]} 23. Rhe1 {[%emt 0:01:17]} Re7 {[%emt 0:02:32]} 24. Qd1 {[%emt 0:02:15]}
Ne4 {[%emt 0:03:53]} 25. Rf1 {[%emt 0:00:50]} Ng5 {[%emt 0:02:19]} 26. Kh1 {
[%emt 0:00:09]} Bxf4 {[%emt 0:05:02]} 27. exf4 {[%emt 0:00:02]} Bxd3 {[%emt 0:
00:09]} 28. Qxd3 {[%emt 0:00:05]} Ne4 {[%emt 0:00:05]} 29. b4 {[%emt 0:01:29]}
Qh3 {[%emt 0:03:28]} 30. a4 {[%emt 0:01:00]} Rge8 {[%emt 0:00:39]} 31. Nf3 {
[%emt 0:00:33]} Nd6 {[%emt 0:00:41]} 32. Ng1 {[%emt 0:00:29]} Qf5 {[%emt 0:00:
41]} 33. Qd1 {[%emt 0:00:30]} h5 {[%emt 0:01:05]} 34. Nf3 {[%emt 0:00:18]} Re2
{[%emt 0:00:22]} 35. Kg1 {[%emt 0:00:38]} Rb2 {[%emt 0:02:22]} 36. b5 {[%emt 0:
00:10]} cxb5 {[%emt 0:00:09]} 37. axb5 {[%emt 0:00:03]} Nxb5 {[%emt 0:00:49]}
38. Qa4 {[%emt 0:01:20]} a6 {[%emt 0:00:23]} 39. Qd1 {[%emt 0:00:30]} Ree2 {
[%emt 0:00:33]} 40. Rc5 {[%emt 0:00:33]} Qe4 {[%emt 0:00:42]} 41. Qc1 {[%emt 0:
19:19]} Rbc2 {[%emt 0:03:37]} 42. Rxc2 {[%emt 0:01:50]} Rxc2 {[%emt 0:00:08]}
43. Qe3 {[%emt 0:01:38]} Rc3 {[%emt 0:03:47]} 44. Qxe4 {[%emt 0:02:27]} dxe4 {
[%emt 0:00:02]} 45. Nd2 {[%emt 0:00:15]} f5 {[%emt 0:00:05]} 46. d5 {[%emt 0:
00:42]} Nd6 {[%emt 0:08:46]} 47. Re1 {[%emt 0:01:00]} a5 {[%emt 0:02:00]} 48.
Ra1 {[%emt 0:01:34]} Rd3 {[%emt 0:01:27]} 49. Nf1 {[%emt 0:00:13]} Nc4 {
[%emt 0:00:12]} 50. Kg2 {[%emt 0:03:24]} b5 {[%emt 0:00:29]} 51. Kh3 {[%emt 0:
00:39]} b4 {[%emt 0:01:23]} 52. Kh4 {[%emt 0:01:11]} b3 {[%emt 0:00:15]} 0-1

[Event "23rd ETCC Women 2021"]
[Site "Catez"]
[Date "2021.11.20"]
[Round "8.6"]
[White "Javakhishvili, Lela"]
[Black "Avramidou, Anastasia"]
[Result "1-0"]
[WhiteElo "2446"]
[BlackElo "2217"]
[Annotator "TA"]
[PlyCount "215"]
[EventDate "2021.11.08"]
[EventType "team-tourn"]
[EventCountry "SLO"]
[SourceTitle "playchess.com"]
[Source "ChessBase"]
[SourceQuality "1"]
[WhiteTeam "Georgia"]
[BlackTeam "Greece"]
[WhiteTeamCountry "GEO"]
[BlackTeamCountry "GRE"]

{[%evp 9,215,0,0,-3,-7,-2,6,-8,18,7,4,-10,10,12,0,0,0,-15,7,-17,0,0,15,9,17,7,
14,22,24,0,8,0,0,-8,0,0,0,-18,0,-26,0,0,0,-8,4,0,31,36,111,108,107,109,104,113,
89,104,109,108,112,96,103,84,101,0,0,0,0,0,29,38,25,0,48,50,34,24,34,47,35,35,
52,0,42,33,33,33,33,33,33,33,33,33,33,18,33,33,33,33,33,33,33,33,33,33,33,33,
42,33,34,33,33,33,33,33,33,33,33,33,33,35,36,41,52,0,0,0,0,0,131,131,130,130,
351,164,722,400,12839,12839,12841,12839,12839,12828,12835,12835,12836,12836,
1303,1244,1142,0,971,514,504,265,2594,122,1416,1260,860,0,0,0,0,0,0,0,0,0,0,0,
12846,12847,12847,12847,12849,12850,12850,12849,12850,12849,12850,12848,12849,
0,12850,12849,12850,12850,27998,27998,27999,27999,27998,27998,27999,27999,
27993,27993,27995,27995,27996,27996,27997,27997,27998,27998,27999,27999]} 1.
Nf3 d5 2. g3 Nd7 3. Bg2 e5 4. O-O Bd6 5. d3 Ne7 6. Nc3 {A07: Réti Opening: New
York and Capablanca Systems.} c6 7. e4 O-O {[#]} 8. a4 $146 {The position is
equal.} ({Predecessor:} 8. d4 dxe4 9. Nxe4 Bc7 10. b3 Nf5 11. Ba3 Re8 12. d5
Nf6 13. Nxf6+ Qxf6 14. c4 {1/2-1/2 (50) Movsesian,S (2723)-Jaracz,P (2541)
Mainz 2010}) 8... a5 9. exd5 Nxd5 10. Ne4 Be7 11. Re1 Re8 12. c3 Bf8 13. Qc2 h6
14. b3 Qc7 15. Bb2 b6 16. Ned2 Bb7 17. Re2 Re7 18. Rae1 Rae8 19. Ba3 c5 20. Bc1
Bc6 21. Nh4 g6 22. Nc4 Bg7 23. Bd2 Nf8 24. Nf3 Nd7 25. Qc1 Kh7 26. h4 N5f6 27.
d4 {[%cal Rd4e5]} Ng4 28. h5 Nf8 (28... gxh5 $14 29. d5 Bxd5) 29. hxg6+ Nxg6 {
[%cal Re5d4]} 30. d5 Bxd5 {[#]} 31. Ng5+ $1 {[%mdl 576] Discovered Attack} hxg5
32. Bxd5 Nf6 33. Bg2 g4 34. Bg5 e4 35. Qc2 (35. Ne3 {looks sharper.} Qd7 36.
Rd1 Qc6 37. Bxf6 Bxf6 38. Nxg4 Bg7 39. Qc2) 35... Kg8 36. Bxe4 (36. Ne3 $16)
36... Rxe4 $11 37. Rxe4 Nxe4 38. Rxe4 Rxe4 39. Qxe4 Qd7 40. Bd2 b5 41. axb5
Qxb5 42. Qxg4 Qxb3 43. Nxa5 Qb1+ 44. Kg2 Ne5 45. Qe2 (45. Qc8+ $14 Kh7 46. Qa8)
45... c4 46. f4 (46. Nxc4 $2 Qb5 $19) 46... Qb5 47. fxe5 Qxa5 48. Qxc4 Qxe5 49.
Qd3 Qc7 50. c4 Qb7+ 51. Kf2 Qb6+ 52. Be3 Qb2+ 53. Kf3 Qf6+ 54. Kg2 Qb2+ 55. Bf2
Bf8 56. Qd5 Qa2 57. Qg5+ Bg7 58. Qd8+ Bf8 59. c5 {And now c6 would win.} Qc4
60. Qd4 Qe6 61. Qe3 Qc4 62. Qg5+ Bg7 63. Qf5 Bf8 64. Qf4 Qd5+ 65. Qf3 Qc4 66.
c6 (66. Qf5 $14) 66... Bd6 67. Kh3 Kf8 68. Be3 {Hoping for Bh6+.} Ke8 (68...
Qe6+ $11 69. Kg2 Qa2+ 70. Bf2 Qc4) 69. Bg5 $16 Be7 70. Bf4 $1 {Black must now
prevent g4.} ({But not} 70. Qe3 $6 f6 $11) 70... Qe6+ $2 (70... Qd4 $16 71. Qe2
Qh8+ 72. Kg2 Qd4) 71. Kh2 (71. g4 $142 {Strongly threatening c7.} f5 72. g5)
71... Qa2+ $2 (71... Qc4 72. g4 Qa2+ 73. Kg3 Qa8) 72. Qg2 $18 Qa5 (72... Qc4
$142 73. c7 Kd7 74. Qd2+ Kc8) 73. Qe2 Qc5 74. c7 Kd7 75. Qd3+ Kc8 76. Qa6+ Kd7
77. Qa4+ Ke6 78. Qb3+ Kd7 79. Qd3+ Kc8 {and the idea ...Qh5+ leaves Black
hopeful.} 80. Kh3 $1 {Threatens to win with Qa6+.} Qh5+ 81. Kg2 {White
threatens Qa6+ and mate.} Qc5 $2 (81... Qg6 82. Qc4 Bf8) 82. g4 $2 (82. Qa6+
$18 {is the precise move to win.} Kd7 83. Qa4+ Ke6 84. Kf1) 82... Qc6+ $2 {
[%mdl 8192] [#]} (82... Qa5 $16 83. Qe2 Qd5+ 84. Kh3 Qb3+ 85. Kh2 Qb4) 83. Kg3
$1 Qc5 84. Qf5+ $2 (84. Qa6+ $18 Kd7 85. Qa4+ Ke6 86. Kg2) 84... Qxf5 $11 85.
gxf5 {[%mdl 4096] Endgame KB-KB} Kd7 86. Kg4 Bf6 87. Kh5 {Kh6 is the strong
threat.} Bg7 $1 88. Kg5 Kc8 $1 89. Bd6 (89. f6 {is more complex.} Bh8 90. Bd6
Kd7 91. Bh2 Kc8 92. Bd6) 89... Bd4 $2 {[%mdl 8192] [#] Black is now going
downhill.} (89... Kd7 $11) 90. Kh6 $1 $18 {[%cal Rh6h7]} Kd7 {[#]} 91. Kh7 $1
Bc3 {[#]} (91... Kc8 92. Kg8) 92. Kg8 $1 f6 {[#]} 93. Kf7 $1 Bd4 (93... Kc6 94.
Ke6) 94. Kg6 Bc3 95. Kh5 Bd4 96. Kg6 Bc3 $1 97. Kg7 Bd4 {[#]} 98. Be7 $1 {
[%mdl 512]} Kxc7 (98... Kc6 99. c8=Q+) 99. Bxf6 {White mates.} Bc5 100. Be5+
Kd7 101. f6 Ke6 102. Bc3 Bd6 103. f7 Kd7 104. Kg8 Be7 105. Bg7 Bd6 106. Bf8 Bf4
107. Bb4 Bh6 108. Bd2 {Weighted Error Value: White=0.08/Black=0.08} 1-0

[Event "23rd ETCC Women 2021"]
[Site "Catez"]
[Date "2021.11.20"]
[Round "8.7"]
[White "Pavlidou, Ekaterini"]
[Black "Arabidze, Meri"]
[Result "0-1"]
[WhiteElo "2172"]
[BlackElo "2441"]
[Annotator "NA"]
[PlyCount "112"]
[EventDate "2021.11.08"]
[EventType "team-tourn"]
[EventCountry "SLO"]
[SourceTitle "playchess.com"]
[Source "ChessBase"]
[SourceQuality "1"]
[WhiteTeam "Greece"]
[BlackTeam "Georgia"]
[WhiteTeamCountry "GRE"]
[BlackTeamCountry "GEO"]
[TimeControl "40/5400+30:1800+30"]

1. d4 {[%emt 0:00:20]} Nf6 {[%emt 0:00:10]} 2. c4 {[%emt 0:00:09]} e6 {[%emt 0:
00:07]} 3. Nc3 {[%emt 0:00:19]} Bb4 {[%emt 0:00:08]} 4. e3 {[%emt 0:00:12]} c5
{[%emt 0:00:27]} 5. Bd2 {[%emt 0:02:50]} cxd4 {[%emt 0:01:57]} 6. exd4 {
[%emt 0:00:09]} O-O {[%emt 0:02:37]} 7. Nf3 {[%emt 0:03:20]} d5 {[%emt 0:00:27]
} 8. a3 {[%emt 0:03:53]} Bxc3 {[%emt 0:04:03]} 9. Bxc3 {[%emt 0:00:21]} Ne4 {
[%emt 0:05:52]} 10. Rc1 {[%emt 0:00:50]} Nc6 {[%emt 0:05:01]} 11. Bd3 {[%emt 0:
03:35]} Nxc3 {[%emt 0:06:09]} 12. Rxc3 {[%emt 0:00:48]} dxc4 {[%emt 0:03:17]}
13. Bxc4 {[%emt 0:02:26]} Ne7 {[%emt 0:03:03]} 14. O-O {[%emt 0:10:29]} Nd5 {
[%emt 0:08:55]} 15. Bxd5 {[%emt 0:12:50]} Qxd5 {[%emt 0:01:39]} 16. Rc5 {
[%emt 0:00:27]} Qd6 {[%emt 0:02:59]} 17. Qc2 {[%emt 0:01:28]} h6 {[%emt 0:14:
30]} 18. Rc1 {[%emt 0:05:16]} Bd7 {[%emt 0:01:20]} 19. Ne5 {[%emt 0:04:16]}
Rad8 {[%emt 0:03:18]} 20. Qe4 {[%emt 0:09:50]} b6 {[%emt 0:04:25]} 21. Rc7 {
[%emt 0:02:31]} Rc8 {[%emt 0:01:41]} 22. Qb7 {[%emt 0:12:22]} Rxc7 {[%emt 0:14:
27]} 23. Qxc7 {[%emt 0:00:29]} Qxc7 {[%emt 0:00:18]} 24. Rxc7 {[%emt 0:00:07]}
Rc8 {[%emt 0:00:02]} 25. Rc3 {[%emt 0:02:54]} Rd8 {[%emt 0:03:37]} 26. h3 {
[%emt 0:02:57]} Be8 {[%emt 0:00:11]} 27. Rc7 {[%emt 0:01:37]} a5 {[%emt 0:03:
29]} 28. Nf3 {[%emt 0:06:17]} a4 {[%emt 0:00:49]} 29. Kf1 {[%emt 0:03:50]} Rd5
{[%emt 0:01:59]} 30. Ke1 {[%emt 0:06:50]} Rb5 {[%emt 0:01:47]} 31. Rc2 {
[%emt 0:00:26]} f6 {[%emt 0:01:01]} 32. Kd2 {[%emt 0:00:47]} Bg6 {[%emt 0:01:
55]} 33. Rc8+ {[%emt 0:00:04]} Kh7 {[%emt 0:00:05]} 34. Kc1 {[%emt 0:00:06]}
Be4 {[%emt 0:00:51]} 35. Re8 {[%emt 0:01:19]} Bxf3 {[%emt 0:04:25]} 36. gxf3 {
[%emt 0:00:02]} Rh5 {[%emt 0:00:56]} 37. Rxe6 {[%emt 0:00:06]} Rxh3 {[%emt 0:
00:01]} 38. Re3 {[%emt 0:02:24]} Rh5 {[%emt 0:00:34]} 39. Kc2 {[%emt 0:00:25]}
Rb5 {[%emt 0:00:42]} 40. Rd3 {[%emt 0:00:38]} Rd5 {[%emt 0:00:19]} 41. Kc3 {
[%emt 0:03:23]} b5 {[%emt 0:02:35]} 42. Rd1 {[%emt 0:13:00]} Kg6 {[%emt 0:04:
36]} 43. Rg1+ {[%emt 0:03:11]} Kf7 {[%emt 0:03:25]} 44. Kd3 {[%emt 0:00:47]} h5
{[%emt 0:04:47]} 45. Ke4 {[%emt 0:02:25]} Rg5 {[%emt 0:01:37]} 46. Rc1 {
[%emt 0:01:59]} h4 {[%emt 0:02:39]} 47. f4 {[%emt 0:01:42]} Rh5 {[%emt 0:00:29]
} 48. Kf3 {[%emt 0:03:37]} h3 {[%emt 0:02:18]} 49. Kg3 {[%emt 0:00:59]} h2 {
[%emt 0:01:22]} 50. Rh1 {[%emt 0:00:03]} Ke6 {[%emt 0:00:14]} 51. Rxh2 {
[%emt 0:03:51]} Rxh2 {[%emt 0:00:18]} 52. Kxh2 {[%emt 0:00:05]} Kd5 {[%emt 0:
00:04]} 53. Kg3 {[%emt 0:01:07]} Kxd4 {[%emt 0:00:15]} 54. f3 {[%emt 0:00:45]}
Kc4 {[%emt 0:00:23]} 55. Kg4 {[%emt 0:00:21]} Kb3 {[%emt 0:00:06]} 56. Kf5 {
[%emt 0:00:14]} Kxb2 {[%emt 0:00:05]} 0-1